000 00727nam a22002177a 4500
003 UA-OsUOA
001 68732
007 ta
008 20100514b un ||||| |||| 00| 0 ukr d
100 _aПетрик О.
090 _a657
_bП30
942 _cSA
040 _aUA-OsUOA
_bukr
_cUA-OsUOA
_dUA-OsUOA
245 _aОновлений Закон України "Про аудиторську діяльність": яким йому бути?
300 _aС.39-46
955 _a0
041 _aukr
080 _a657
773 0 _w68727
_tБухгалтерський облік і аудит
_dК.
_d2010
_g5
650 7 _a657 Бухгалтерія. Бухгалтерський облік. Рахівництво
_2UDC
999 _c354990
_d354990